000 00805nam a2200241 a 4500
001 86466
003 BD-RjUL
005 20260513103220.0
008 260513r20242022ii ||||| |||| 00| p ben d
020 _a9788129526441
035 _a(BD-RjUL)86466
040 _aBD-RjUL
_bben
_cBD-RjUL
041 _aben
082 _223
_a891.441
_bGHB 2024
100 _aঘোষ, শঙ্খ
_9126014
245 1 0 _aবাবরের প্রার্থনা /
_cশঙ্খ ঘোষ
250 _a৩২তম সং.
260 _aকলকাতা :
_bদে'জ পাবলিশিং,
_c২০২২, [মুদ্রণ ২০২৪]
300 _a৬৩ পৃ. ;
_c২২ সেমি.
650 _aবাংলা কবিতা
_9126444
650 _aBengali Poetry
_9126445
942 _2ddc
_cBK
999 _c86466
_d86466